000 00682cab a2200229 4500
001 W3636
008 090401t1992 xxu||||| |||| 00| 0 eng d
035 _a(Sirsi) u63222
041 _aeng
245 _aPit closures illegal
260 _c1992
350 _a0
490 _aTimes
_v22 December 1992, 1-2
490 _aFinancial Times
_v22 December 1992, 4(2)
520 _aThe High Court has declared the government proposal to close 31 coal mines `unlawful and irrational` in its failure to consult the mining unions.
650 _aBRITISH COAL
650 _aCOAL MINES
650 _aPIT CLOSURES
690 _aMINING AND MINERALS
942 _n0
948 _c04/03/1997
999 _c39311
_d39311